| 000 | 00863nam a2200229 a 4500 | ||
|---|---|---|---|
| 005 | 20230929063622.0 | ||
| 008 | 080919s1984 mx r 000 0 spa d | ||
| 035 | _aUPN01000159873 | ||
| 049 | _aUNE | ||
| 080 | _a37.014. 22 (7/8) SAL No.12. | ||
| 100 | 1 |
_aSalgado Moya, Julio _929922 |
|
| 245 | 1 | 3 |
_aLa Alfabetización y la post-alfabetización en la perspectiva de eventos internacionales / _cJulio Salgado Moya. |
| 260 |
_aPátzcuaro Mich., México : _bCREFAL, _c1984. |
||
| 300 | _a222 p. | ||
| 440 | 0 |
_aRetablo de papel ; _v12 |
|
| 500 | _aIncluye bibliografía. | ||
| 690 | _aAlfabetizacion- America Latina | ||
| 690 | _aProgramas de Postalfabetizacion- America Latina | ||
| 690 | _aAmerica Latina- Alfabetizacion | ||
| 710 | 2 | _aCREFAL. Centro Regional de Educación de Adultos y Alfabetización Funcional para América Latina. | |
| 905 | _aUNESCO | ||
| 999 |
_c131987 _d131987 |
||